header

Shakin' all over : (Record no. 143948)

MARC details
000 -LEADER
fixed length control field 02090nam a2200409 i 4500
001 - CONTROL NUMBER
control field ebr10803645
003 - CONTROL NUMBER IDENTIFIER
control field CaPaEBR
006 - FIXED-LENGTH DATA ELEMENTS--ADDITIONAL MATERIAL CHARACTERISTICS--GENERAL INFORMATION
fixed length control field m o d
007 - PHYSICAL DESCRIPTION FIXED FIELD--GENERAL INFORMATION
fixed length control field cr cn|||||||||
008 - FIXED-LENGTH DATA ELEMENTS--GENERAL INFORMATION
fixed length control field 130809t20132013miua obk 001 0 eng|d
020 ## - INTERNATIONAL STANDARD BOOK NUMBER
Cancelled/invalid ISBN 9780472072095 (cloth : alk. paper)
Cancelled/invalid ISBN 9780472052097 (pbk. : alk. paper)
International Standard Book Number 9780472120048 (e-book)
040 ## - CATALOGING SOURCE
Original cataloging agency CaPaEBR
Language of cataloging eng
Description conventions rda
-- pn
Transcribing agency CaPaEBR
050 14 - LIBRARY OF CONGRESS CALL NUMBER
Classification number ML3470
Item number .M44 2013eb
082 04 - DEWEY DECIMAL CLASSIFICATION NUMBER
Classification number 781.64087
Edition number 23
100 1# - MAIN ENTRY--PERSONAL NAME
Personal name McKay, George,
Dates associated with a name 1960-
245 10 - TITLE STATEMENT
Title Shakin' all over :
Remainder of title popular music and disability /
Statement of responsibility, etc George McKay.
264 #1 - PRODUCTION, PUBLICATION, DISTRIBUTION, MANUFACTURE, AND COPYRIGHT NOTICE
Place of production, publication, distribution, manufacture Ann Arbor :
Name of producer, publisher, distributor, manufacturer University of Michigan Press,
Date of production, publication, distribution, manufacture, or copyright notice [2013]
Date of production, publication, distribution, manufacture, or copyright notice �2013
300 ## - PHYSICAL DESCRIPTION
Extent 1 online resource (243 pages) :
Other physical details illustrations.
336 ## - CONTENT TYPE
Content type term text
Source rdacontent
337 ## - MEDIA TYPE
Media type term computer
Source rdamedia
338 ## - CARRIER TYPE
Carrier type term online resource
Source rdacarrier
440 #0 - SERIES STATEMENT/ADDED ENTRY--TITLE
Title Corporealities
490 0# - SERIES STATEMENT
Series statement Corporealities. Discourses of disability
504 ## - BIBLIOGRAPHY, ETC. NOTE
Bibliography, etc Includes bibliographical references and index.
505 0# - FORMATTED CONTENTS NOTE
Formatted contents note "Crippled with nerves" : polio survivors in popular music -- Vox crippus : voicing the disabled body -- Corpus crippus : performing disability in pop and rock -- Johnnie-be-deaf : one hearing-impaired star, and popular music as a disabling (deafening) culture -- Crippin' the light fandango : an industry that kills and maddens, and campaigns.
588 ## - SOURCE OF DESCRIPTION NOTE
Source of description note Description based on print version record.
590 ## - LOCAL NOTE (RLIN)
Local note Electronic reproduction. Palo Alto, Calif. : ebrary, 2013. Available via World Wide Web. Access may be limited to ebrary affiliated libraries.
650 #0 - SUBJECT ADDED ENTRY--TOPICAL TERM
Topical term or geographic name as entry element Disabilities and popular music.
Topical term or geographic name as entry element Musicians with disabilities.
655 #0 - INDEX TERM--GENRE/FORM
Genre/form data or focus term Electronic books.
776 08 - ADDITIONAL PHYSICAL FORM ENTRY
Display text Print version:
Main entry heading McKay, George.
Title Shakin' all over : popular music and disability.
Place, publisher, and date of publication Ann Arbor : University of Michigan Press, [2013]
Physical description x, 230 pages ; 24 cm.
Series data for related item Corporealities
International Standard Book Number 9780472052097
Record control number (DLC) 2013028357
797 2# - LOCAL ADDED ENTRY--CORPORATE NAME (RLIN)
Corporate name or jurisdiction name as entry element ebrary.
856 40 - ELECTRONIC LOCATION AND ACCESS
Uniform Resource Identifier <a href="http://site.ebrary.com/lib/rucke/Doc?id=10803645">http://site.ebrary.com/lib/rucke/Doc?id=10803645</a>
Public note An electronic book accessible through the World Wide Web; click to view

No items available.

© 2026 Rongo University
Contact us: librarian | system librarian | Rongo university